Catálogo público

Primer registro de la presencia del hongo Hesperomices virescens (Thaxter) en Hippodamia convergens (Guérin-Méneville) (Coleoptera: Coccinellidae) en México/ (Record no. 220621)

MARC details
000 -CABECERA
campo de control de longitud fija 03100nam a2200325 a 4500
003 - IDENTIFICADOR DEL NÚMERO DE CONTROL
campo de control OSt
005 - FECHA Y HORA DE LA ÚLTIMA TRANSACCIÓN
campo de control 20250616125542.0
007 - CAMPO FIJO DE DESCRIPCIÓN FÍSICA--INFORMACIÓN GENERAL
campo de control de longitud fija cr ||||||a|a|a
008 - DATOS DE LONGITUD FIJA--INFORMACIÓN GENERAL
campo de control de longitud fija 250616s2025 mx a|||fom||| 001 0 spa d
040 ## - FUENTE DE LA CATALOGACIÓN
Normas de descripción rda
100 1# - ENTRADA PRINCIPAL--NOMBRE DE PERSONA
Nombre de persona Negrete Zamora, Erasmo Guadalupe
9 (RLIN) 190463
245 10 - MENCIÓN DE TÍTULO
Título Primer registro de la presencia del hongo Hesperomices virescens (Thaxter) en Hippodamia convergens (Guérin-Méneville) (Coleoptera: Coccinellidae) en México/
Mención de responsabilidad, etc. por Erasmo Guadalupe Negrete Zamora; director de tesis Candelario Santillán Ortega; secretario Luis Othon Espinosa Carrillo; vocal Artemio Rosas Meza; suplente José Isabel López Arroyo; suplente Santos Gerardo Leyva Mir.
264 #1 - PRODUCCIÓN, PUBLICACIÓN, DISTRIBUCIÓN, FABRICACIÓN Y COPYRIGHT
Producción, publicación, distribución, fabricación y copyright Chapingo, México :
Nombre del de productor, editor, distribuidor, fabricante El autor,
Fecha de producción, publicación, distribución, fabricación o copyright 2024.
300 ## - DESCRIPCIÓN FÍSICA
Extensión 1 recurso en línea (55 páginas):
Otras características físicas cuadros, figuras.
336 ## - TIPO DE CONTENIDO
Fuente rdacontent
Término de tipo de contenido texto
Código de tipo de contenido txt
337 ## - TIPO DE MEDIO
Fuente rdamedia
Nombre/término del tipo de medio computadora
Código del tipo de medio c
338 ## - TIPO DE SOPORTE
Fuente rdacarrier
Nombre/término del tipo de soporte recurso en línea
Código del tipo de soporte cr
502 ## - NOTA DE TESIS
Tipo de título Ingeniero Agrónomo Especialista en Parasitología Agrícola
Nombre de la institución que otorga el título Departamento de Enseñanza, Investigación y Servicio en Parasitología Agrícola,
Año de obtención del título 2024.
Información miscelánea Licenciatura
504 ## - NOTA DE BIBLIOGRAFÍA, ETC.
Nota de bibliografía, etc. Incluye referencias bibliográficas: páginas 48-55.
520 ## - SUMARIO, ETC.
Sumario, etc. En el periodo de febrero a mayo de 2022, se recolectaron ejemplares de diferentes especies de la familia Coccinelidae en las zonas productoras de cítricos y cereales de los municipios de General Terán y Montemorelos, N.L. así como en Altamira, Tamaulipas. Se encontró la presencia del hongo Hesperomyces virescens (Thaxter) en Hippodamia convergens (Guérin-Méneville), la cual se registró habitando diversas malezas dentro de huertos de naranja C. × sinensis (L.) exclusivamente en los municipios de N.L. Los ejemplares presentaron infección y crecimiento de talos maduros del hongo en las partes distales de los élitros o los esternitos del abdomen, lo cual dependía del individuo, pero nunca en ambas partes del cuerpo. También se encontró infección de mismo hongo sobre Cycloneda sanguinea (L.) y Harmonia axyridis (Pallas), especies que en estudios anteriores fueron descritas como huéspedes de H. virescens en la región. La especie objetivo de este estudio, H. convergens, presentó un porcentaje de infección del 0.291 % del número total de individuos (n= 585). Ejemplares de otras especies recolectadas y algunos de H. convergens con posibles síntomas de la infección presentaron sanidad en un periodo de observación en laboratorio de dos meses. El presente estudio representa el primer registro en México de la presencia del hongo entomatógeno Hesperomyces virescens sobre el huésped Hippodamia convergens.
650 #4 - PUNTO DE ACCESO ADICIONAL DE MATERIA--TÉRMINO DE MATERIA
Término de materia o nombre geográfico como elemento de entrada Hesperomyces virescens
Subdivisión general Identificación
9 (RLIN) 190667
650 #4 - PUNTO DE ACCESO ADICIONAL DE MATERIA--TÉRMINO DE MATERIA
Término de materia o nombre geográfico como elemento de entrada Hongos entomopatógenos
Subdivisión general Identificación
9 (RLIN) 188826
700 0# - PUNTO DE ACCESO ADICIONAL--NOMBRE DE PERSONA
Nombre de persona Santillán Ortega, Candelario
Término indicativo de función/relación director de tesis
9 (RLIN) 102429
700 1# - PUNTO DE ACCESO ADICIONAL--NOMBRE DE PERSONA
Nombre de persona Espinosa Carrillo, Luis Othón
9 (RLIN) 37903
Término indicativo de función/relación secretario.
700 1# - PUNTO DE ACCESO ADICIONAL--NOMBRE DE PERSONA
Nombre de persona Rosas Meza, Artemio
9 (RLIN) 100031
Término indicativo de función/relación vocal.
700 1# - PUNTO DE ACCESO ADICIONAL--NOMBRE DE PERSONA
Nombre de persona López Arroyo, José Isabel
9 (RLIN) 67676
Término indicativo de función/relación suplente.
700 1# - PUNTO DE ACCESO ADICIONAL--NOMBRE DE PERSONA
Nombre de persona Leyva Mir, Santos Gerardo
Término indicativo de función/relación suplente.
9 (RLIN) 66581
856 ## - LOCALIZACIÓN Y ACCESO ELECTRÓNICOS
Identificador Uniforme del Recurso http://10.13.5.2/tesis/tl/1511790-8_NEGRETE_ZAMORA_ERASMOGUADALUPE.pdf
Nota pública DESCARGAR PDF
942 ## - ELEMENTOS DE PUNTO DE ACCESO ADICIONAL (KOHA)
Fuente del sistema de clasificación o colocación Clasificación Universidad Autónoma Chapingo
Tipo de ítem Koha Tesis digital
Holdings
Estado de retiro Estado de pérdida Fuente del sistema de clasificación o colocación Estado dañado Restricciones de uso No para préstamo Código de colección Localización permanente Ubicación/localización actual Ubicación en estantería Fecha de adquisición Total de préstamos Signatura topográfica completa Fecha visto por última vez Precio válido a partir de Tipo de ítem Koha
    Clasificación Universidad Autónoma de Chapingo   Préstamo interno   Tesis digitales de Licenciatura Biblioteca Digital Biblioteca Digital En línea 16/06/2025   Tesis digital 16/06/2025 16/06/2025 Tesis digital